00947cam a2200253 a 4500999001500000001000600015003000900021005001700030008004100047020001800088040003800106082001900144100001800163245009700181260007100278300002400349504005100373650003600424650006000460700002100520700002300541942001200564952011700576 c3957d395713501BD-DhUAP20200315163248.0200315s20061992bg abf b f000 0 eng  a9780521677844 aBD-DhUAPcBD-DhUAPdBD-DhUAPbEng a428.24 SPR223 aSpratt, Mary. aThe TKT Teaching Knowledge Test Course /cMary Spratt, Alan Pulverness and Melanie Williams. aCambridge : bCambridge University Press,cc2005 [Reprinted 2010]. a188 pages ;c24 cm. aIncludes bibliographical references and index. aEnglish language--Examinations  aEnglish language--Study and teaching--Foreign speakers. aPulverness, Alan aWilliams, Melanie  2ddccBK 00102ddc4070aUAPCLbUAPCLcGeneral Stacksd2020-03-15o428.24 SPRp3010013501r2020-03-15t1w2020-03-15yBK